| 000 | 00889nam a2200229 i 4500 | ||
|---|---|---|---|
| 001 | 49172 | ||
| 003 | ES-MaACL | ||
| 005 | 20230906161912.0 | ||
| 007 | t| | ||
| 008 | 030710s1841 sp ||||1| spa d | ||
| 080 | _a94(460) | ||
| 100 | 1 |
_aCortada, Juan ( _d1805-1868) _9149955 |
|
| 245 | 1 | 0 |
_aHistoria de España _b: desde los tiempos más remotos hasta 1839 / _cescrita por Juan Cortada ; adornada con hermosas láminas grabadas ... y embellecida con un hermoso atlas geográfico-histórico ... ; dirigido por A. Houzé. |
| 260 |
_aBarcelona : _b[s.n.], _c1841 ( _fImp. de Brusi) |
||
| 300 |
_a3 t. en 2 v. ; _c22 cm. |
||
| 490 | 1 |
_aEl mundo historia de todos los pueblos ; _v6-8 |
|
| 651 | 4 |
_aEspaña- _xHistoria. _98209 |
|
| 700 | 1 |
_aHouzé, A. _964368 |
|
| 830 | 0 |
_aEl mundo historia de todos los pueblos ; _v6-8 _9182426 |
|
| 852 |
_aES-MaACL _jD-4086-87 |
||
| 999 |
_c49172 _d49172 |
||